000
00267nam a2200109Ia 4500
001
1276025
005
20260417160439.0
008
260417s9999 xx 000 0 und d
020
_a
9786256309609
245
0
_a
Pullar Savaşı
_c
Ülkü Tamer
260
_b
Ketebe Çocuk
999
_c
1276025
_d
1276025